000
00350nam a2200133Ia 4500
008
230312s9999||||xx |||||||||||||| ||und||
082
_a
891.4
_b
SAL-A
100
_a
حافظ صلاح الدین یوسف
245
0
_a
احسن البیان اردو
260
_b
دارالسلام
_a
pak
300
_a
1032
650
_a
Urdu Literature
942
_c
BK
999
_c
13864
_d
13864